1514 1370 1454 1212 1628 1357 1868 1713 1996 1120 1801 1789 1484 1922 1130 1155 1606 1234 1072 1991 1038 1309 1547 1566 1612 1115 1499 1255 1851 1732 1063 1626 1411 1729 1306 1184 1067 1251 1515 1157 1504 1540 1176 1987 1972 1008 1605 1706 1495 1500 1154 1147 1177 1837 1215 1820 1267 1723 1155 1471 1427 1163 1115 1047 1303 1412 1231 1679 1958 1100 1509 1893 1281 1220 1324 1564 1171 1782 1596 1898 1377 1356 1869 1016 1549 2000 1037 1835 1508 1756 1746 1582 1047 1205 1193 1542 1412 1179 1932 BCNSPRNW ULIB Ver.6.0+V

เปลี่ยนเป็นภาษาไทย

Change to English
 แสดงรายละเอียดบรรณานุกรม
  กลับหน้าหลัก

Brief Record : Get Marc (ISO 2709) : E-mail record : QR code < ปิดหน้าต่าง
LEADER : 00000nam 2200000uu 4500
001    13399128245
003     ULIB
008    220822s2557||||th 000 0 tha d
020    ^a9786162996993 (ล.1)
050  0 ^aนว^bก947ล^cล.1
100 0  ^aโก้วเล้ง
245 10 ^aลูกปลาน้อยเซียวฮื้อยี้ เล่ม 1. /^cโก้วเล้ง, เขียน ; น.นพรัตน์, แปล
246 30 ^aเซียวฮื้อยี้
250    ^aพิมพ์ครั้งที่ 1
260    ^aกรุงเทพฯ :^bสยามอินเตอร์บุ๊ค,^c2557
300    ^a6 เล่ม ;^c21 ซม.
650  4 ^aนวนิยายจีนกำลังภายใน
650  4 ^aนวนิยายจีน^xการแปลเป็นภาษาไทย
653    ^aOpen Your Eyes Project
700 0  ^aน.นพรัตน์,^eผู้แปล
945    ^p260^l0^i009350
999    ^aประนอม เกษจรัล
รายการนี้ยังไม่มีแท็ก
คุณยังไม่ได้ล็อกอิน คุณสามารถมีกิจกรรมร่วมกับเว็บไซต์ได้ แต่ต้องล็อกอินก่อน ::
  ล็อกอิน

รายการสื่อสารสนเทศ

ลำดับที่ ประเภท เลขเรียก/บาร์โค้ด สถานที่ สถานะ
1. นวนิยาย
นวนิยาย
นว ก947ล ล.1 ฉ.1 
  Barcode: 009350
ห้องสมุดวิทยาเขตสวรรค์ประชารักษ์
►หนังสือทั่วไป
บนชั้น

รายการใกล้เคียง
    ผู้แต่ง [โก้วเล้ง]

    หัวเรื่อง [นวนิยายจีนกำลังภายใน]

BibComment


ยังไม่เคยถูกคอมเมนท์

คอมเมนท์ทรัพยากรรายการนี้
  คอมเมนท์: ลูกปลาน้อยเซียวฮ..


 Copyright 2026. Bcnsprnw @Library